书目信息 |
| 题名: |
仲裁与法律
|
|
| 作者: | 王文英 主编 | |
| 分册: | 第118辑 | |
| 出版信息: | 北京 法律出版社 2011 |
|
| 页数: | 144页 | |
| 开本: | 23cm | |
| 丛书名: | ||
| 单 册: | ||
| 中图分类: | D915.704-55 | |
| 科图分类: | ||
| 主题词: | 仲裁--研究--丛刊 , 仲裁 | |
| 电子资源: | ||
| ISBN: | 978-7-5118-1546-0 | |
| 000 | 00930nam0 2200277 450 | |
| 001 | 1157470628 | |
| 005 | 20111201155823.07 | |
| 010 | @a978-7-5118-1546-0@dCNY20.00 | |
| 090 | @aD915@bwwy | |
| 096 | @aD915@bwwy | |
| 100 | @a20110224d2011 em y0chiy50 ea | |
| 101 | 0 | @achi |
| 102 | @aCN@b110000 | |
| 105 | @ay z 000yy | |
| 200 | 1 | @a仲裁与法律@h第118辑@b专著@f王文英主编@9zhong cai yu fa lv |
| 210 | @a北京@c法律出版社@d2011 | |
| 215 | @a144页@d23cm | |
| 300 | @a中国国际经济贸易仲裁委员会、中国海事仲裁委员会、中国国际商会仲裁研究所主办 | |
| 304 | @a英文共同题名:Arbitration and law | |
| 330 | @a本刊现辟有如下栏目:仲裁动态、专论争鸣、调解专栏,海事仲裁、案例精辟、特载和法律资料等。 | |
| 606 | 0 | @a仲裁@x研究@j丛刊 |
| 606 | 0 | @a仲裁 |
| 690 | @aD915.704-55@v4 | |
| 701 | 0 | @a王文英@c(法学)@4主编@9wang wen ying |
| 801 | 0 | @aCN@b大连网信软件有限公司图书馆·11@c20111201 |
| 905 | @aZUCC@dD915.704-55@eW378 | |
| 仲裁与法律.第118辑/王文英主编.-北京:法律出版社,2011 |
| 144页;23cm |
| 中国国际经济贸易仲裁委员会、中国海事仲裁委员会、中国国际商会仲裁研究所主办 |
| ISBN 978-7-5118-1546-0:CNY20.00 |
| 本刊现辟有如下栏目:仲裁动态、专论争鸣、调解专栏,海事仲裁、案例精辟、特载和法律资料等。 |
| ● |
| 相关链接 |
|
|
|
正题名:仲裁与法律
索取号:D915.704-55/W378
 
预约/预借
| 序号 | 登录号 | 条形码 | 馆藏地/架位号 | 状态 | 备注 |
| 1 | 826456 | 208264563 | 社科库509/509社科库 82排5列2层/ [索取号:D915.704-55/W378] | 在馆 | |
| 2 | 826457 | 208264572 | 社科库509/509社科库 82排5列2层/ [索取号:D915.704-55/W378] | 在馆 | |
| 3 | 826458 | 208264581 | 社科库509/509社科库 82排5列2层/ [索取号:D915.704-55/W378] | 在馆 |